01473nam a2200229Ia 4500008004100000020001500041041001200056082001100068100001600079245005700095260003600152300000800188650000700196700001300203942000700216999001500223952019600238952019700434952019600631952022000827952019601047221030s9999 xx 000 0 und d a8121924960 aEnglish a105.23 aV. K. Mehta 0aPrinciples of Power Systemcby V. K. Mehta, R. Mehta bS. Chand & Co.aNew Delhic2010 a608 aEE aR. Mehta cBK c8910d8910 pBE 10454g375.00i95l0o105.23 eDurga Books, Amritsarr2024-06-13 00:00:00w2022-10-30yBK003Print4071aMIETLIBbMIETLIBcBL-Academic Block B, FL-1, CUP-57, SH-5, R-5d2010-02-2710HBE pBE 10455g375.00i95l0o105.23 eDurga Books, Amritsarr2024-06-13 00:00:00w2022-10-30yBK003Print4070aMIETLIBbMIETLIBcBL-Academic Block C, FL-2, CUP-131, SH-4, R-4d2010-02-2710HBE pBE 10456g375.00i95l0o105.23 eDurga Books, Amritsarr2024-06-13 00:00:00w2022-10-30yBK003Print4070aMIETLIBbMIETLIBcBL-Academic Block A, FL-1, CUP-34, SH-4, R-4d2010-02-2710HBE pBE 10457g375.00i95l1o105.23 eDurga Books, Amritsarq2023-05-02r2023-04-21 00:00:00s2023-04-21w2022-10-30yBK003Print4070aMIETLIBbMIETLIBcBL-Academic Block A, FL-1, CUP-34, SH-4, R-4d2010-02-2710HBE pBE 10458g375.00i95l0o105.23 eDurga Books, Amritsarr2024-06-13 00:00:00w2022-10-30yBK003Print4070aMIETLIBbMIETLIBcBL-Academic Block A, FL-1, CUP-34, SH-5, R-5d2010-02-2710HBE